000
00272nam a2200109Ia 4500
005
20251222144711.0
008
251222s9999||||xx |||||||||||||| ||spa||
082
_a
670.427/I59
245
0
_a
Manual para la Construcción de un Data Warehouse
264
_b
INEI
942
_c
LIB
999
_c
17840
_d
17840